000 00830nam a22002415i 4500
001 177741
003 ES-MaACL
005 20230906220411.0
008 110418s1957 sp |||| | spa d
080 _a821.134.2-31"19"(082.2)
100 1 _aOrozco Muñoz, Ricardo.
_9146219
245 1 0 _aExtraño castigo /
_cRicardo Orozco Muñoz .
_bRevelaciones de un náufrago / Manuel Moreno Barranco . La confitería / Luis Molina Santaolalla.
246 3 _aRevelaciones de un náufrago
260 _aMadrid :
_bAguilar,
_c1957.
300 _a504 p. ;
_c20 cm.
490 1 _aNova navis ;
_v7
700 1 _aMoreno Barranco, Manuel.
_9146220
700 1 _aMolina Santaolalla, Luis.
_981966
740 3 2 _aLa confitería.
830 1 _aNova navis ;
_v7
_9190579
852 4 _aES-MaACL
_jE-14940
_xOlim P-259
999 _c177741
_d177741